Rappers by Meme #2 - Statistics

General Stats
  • This quiz has been taken 439 times
  • The average score is 12 of 16
Answer Stats
Picture Answer % Correct
Snoop Dogg
99%
Ice Spice
96%
6ix9ine
94%
Ice Cube
91%
Kendrick Lamar
89%
Nicki Minaj
87%
Lizzo
83%
MGK
80%
Future
69%
Lil Pump
69%
Roddy Ricch
69%
ASAP Rocky
65%
Dave Blunts
57%
Quavo
43%
Kodak Black
40%
Akon
32%
No matching quizzes found
Score Distribution
Percent of People with Each Score
Percentile by Number Answered
Your Score History
You have not taken this quiz